000 00489nam a22001697a 4500
003 BD-ChCU
005 20260427133701.0
008 260427b bg ||||| |||| 00| 0 ben d
040 _cBD-ChCU
082 _a583.309543 TIP
100 _aTiwari, S. D. N.
_921977
245 _aThe phyte-geography of legumes of madhya pradesh.//
_cS. D. N. Tiwari.
260 _aIndia.
_bBishen Singh Mahendra Pal Singh.
_c1979
300 _axviii, 612p
650 0 _aBotany.
_921978
942 _2ddc
_cBK
_n0
999 _c112465
_d112465